LEADER 01127nam a2200217 i 4500 001 000000031720 003 CaOOAMICUS 005 20180830125449.0 008 180830s1972 it u000 u ita u 040 $aSeMil$bita 245 13$aLa formazione professionale in Italia /$cFondazione Giovanni Agnelli ; ricerca condotta dal Centro Studi Investimenti Sociali CENSIS, Roma. 260 $aBologna :$bIl Mulino,$ccopyr. 1972. 300 $a2 v. ;$c21 cm. 650 4$aFormazione professionale - Italia.$0(OLS)http://semarc/subject/5100 700 1 $aCensis .$0(OLS)http://semarc/name/14613 700 1 $aFondazione Giovanni Agnelli .$0(OLS)http://semarc/name/14612 773 0 $tProblemi della società italiana.$dBologna : Il Mulino, [196-?]$w()31120 774 0 $tFormazione professionale di base.$kProblemi della società italiana$g1$w()240729 774 0 $tPromozione sul lavoro e la riconversione professionale.$kProblemi della società italiana$g2$w()240731 996 $6245$aLa formazione professionale in Italia$9(OLS)http://semarc/title/43039 996 $6260$aBologna :$bIl Mulino$9(OLS)http://semarc/publisher/29842 LEADER 01424nam a2200313 i 4500 001 000000104670 003 CaOOAMICUS 005 20240118112234.0 008 020328s2001 it u000 u ita u 020 $a88-8340-065-8 040 $aSeMil$bita 100 1 $aSironi, Pier Giuseppe.$0(OLS)http://semarc/name/19822 240 02$aI longobardi nel Seprio.$0(OLS)http://semarc/title/151652 245 12$aI longobardi nel Seprio :$bitinerari storici e turistici, Lario, Verbano e Canton Ticino /$cPier Giuseppe Sironi. 260 $aVarese :$bMacchione,$c2001. 300 $a96 p. :$bill. ;$c22 cm. 490 0 $aJeans idee giovani ;$v12 490 0 $aGuide Macchione ;$v32 650 4$aSeprio .$0(OLS)http://semarc/subject/11467 650 4$aLongobardi - Lombardia.$0(OLS)http://semarc/subject/8307 830 0$aJeans idee giovani ;$v12.$0(OLS)http://semarc/title/9452 830 0$aGuide Macchione ;$v32.$0(OLS)http://semarc/title/9856 850 $aSeMil 852 $aSeMil$W1$xVenegono$y1$m4Y III 213$j60973$B60973$CSeMilBibl$Z2$F71381 $81 961 $aOmaggio: Autore 996 $6020$a88-8340-065-8$9(OLS)http://semarc/number/84571 996 $6245$aI longobardi nel Seprio :$bitinerari storici e turistici, Lario, Verbano e Canton Ticino$9(OLS)http://semarc/title/151653 996 $6260$aVarese :$bMacchione$9(OLS)http://semarc/publisher/34285